| 000 | 01624cab a22003015a 4500 | ||
|---|---|---|---|
| 001 | L146719 | ||
| 008 | 090219s2009 xxk 000 0 eng d | ||
| 035 | _a(Sirsi) u146719 | ||
| 041 | 0 | _aeng | |
| 100 | 1 | _aThompson, Paul | |
| 245 | 0 | 0 | _aConsultation and the authorisation of major infrastructure projects |
| 260 | _c2009 | ||
| 490 |
_aJournal of Planning and Environment Law _v(2), 174-189(16) |
||
| 520 | _aDetailed article looks at legal matters relating to consultation and authorisation of large-scale infrastructure projects and discusses the introduction of both a new regime for nationally significant infrastructure projects and the newly formed Infrastructure Planning Commission. The author also explores community involvement in consultation, recent case law and challenges to development. He states that while these measures and others from the Planning Act 2008 are positive (as they promote resolutions over conflict), they are not a perfect solution to consultation and conflicts in relation to major developments. | ||
| 590 | _aKA | ||
| 650 | 2 | 4 | _aPLANNING POLICY STATEMENT 1 (DELIVERING SUSTAINABLE DEVELOPMENT) |
| 650 | 2 | 4 | _aPLANNING POLICY STATEMENT 11 |
| 650 | 2 | 4 | _aPLANNING POLICY STATEMENT 12 |
| 650 | 2 | 4 | _aBUSHELL V SOS ENVIRONMENT |
| 650 | 2 | 4 | _aPLANNING ACT 2008 |
| 650 | 2 | 4 | _aPLANNING AND COMPULSORY PURCHASE ACT 2004 |
| 650 | 2 | 4 | _aR (EDWARDS) V ENVIRONMENT AGENCY |
| 650 | 2 | 4 | _aR V NORTH & EAST DEVON HA EX P COUGHLAN |
| 651 | 4 |
_aUnited Kingdom _y |
|
| 690 | _aENVIRONMENTAL AND LAND CONSULTANCY-PLANNING AND DEVELOPMENT | ||
| 690 | _aPROPERTY-INFRASTRUCTURE | ||
| 942 | _n0 | ||
| 999 |
_c81264 _d81264 |
||